| 000 | 01502nam a2200301 c 4500 | ||
|---|---|---|---|
| 003 | BLK | ||
| 005 | 20180422120539.0 | ||
| 008 | 180411b bul|||||r ||||||| ||bul|| | ||
| 010 | _aKNG00212068000 | ||
| 040 | _aBLK | ||
| 041 |
_aBUL _cBUL |
||
| 080 |
_aФармацевти. Аптекари _b615.15 _x-74 _z615.15-74 |
||
| 100 | 1 |
_aАтанасов, Николай Асенов _eпърви автор _9273748 |
|
| 700 | 1 |
_aДочев, Дочо _eпод ред. на _9378890 |
|
| 700 | 1 |
_aШипков, Тодор К. _eпод ред. на _9386355 |
|
| 139 |
_aАтанасов, Николай Асенов _bА 93 |
||
| 245 | 1 | 0 |
_aЛабораторна диагностика _bХематол. изследвания _cНиколай Асенов Атанасов; под ред. на Дочо Дочев; под ред. на Тодор К. Шипков. |
| 257 | _aBGR | ||
| 260 |
_аСофия _bМедицина и физкултура _c1988 |
||
| 300 |
_a264 с. _bс ил., 4 л. цв. ил. _c21 см |
||
| 380 | _a61 | ||
| 500 | _aДруги авт. : Д. Хр. Дочев, Вл. К. Иванов, П. Д. Йорданова-Лалева, М. Н. Пенев, Д. К. Петкова, А. Л. Русева, Т. З. Цветкова, Т. К. Шипков, М. Ц. Шишенков, отбелязани на с. 5 | ||
| 852 | _aЦб 156942 | ||
| 856 | 4 |
_qpdf _u |
|
| 856 | 4 |
_qpdf _u |
|
| 942 |
_cKNG _n0 |
||
| 944 |
_aCR _c11.09.2017 _kХристина_Везирева |
||
| 944 |
_aED _c11.09.2017 _kХристина_Везирева |
||
| 999 |
_c202599 _d202599 |
||